Marketingový plán DSS Gaudeamus diplomová práca

Na minha lista:
Detalhes bibliográficos
Autor principal: Markulják, Michal
Autor Corporativo: Obchodná fakulta EU. Katedra marketingu
Outros Autores: Hasprová, Mária, 1970-
Formato: Livro
Idioma:eslovaco
Publicado em: Bratislava 2008
Tags: Adicionar Tag
Sem tags, seja o primeiro a adicionar uma tag!

MARC

LEADER 00000nam$a2200000$$$4500
001 0081682
005 20240201115538.0
041 0 |a slo 
044 |a SK 
245 1 0 |a Marketingový plán DSS Gaudeamus  |b diplomová práca  |c Michal Markulják ; škol. Mária Hasprová 
264 1 |a Bratislava  |c 2008 
300 |a 65 s. 
100 1 |a Markulják, Michal 
700 1 |a Hasprová, Mária, 1970- 
710 2 |a Obchodná fakulta EU. Katedra marketingu